コンテンツを見る

Лабораторная работа "Изучение интерферометра Фабри-Перо учебное пособие для вузов

Пособие содержит описание лабораторной работы «Изучение интерферометра Фабри-Перо» по теме «Волновая оптика» курса общей физики «Оптика». В пособии дано теоретическое введение с кратким изложением основных понятий и закономерностей многолучевой интерференции. Цель лабораторной работы — знакомство с...

詳細記述

保存先:
書誌詳細
第一著者: Земсков Е. Е.
その他の著者: Калашников Н. П., Самарченко Д. А.
フォーマット: Книга
言語:Russian
出版事項: Москва НИЯУ МИФИ 2011
オンライン・アクセス:http://e.lanbook.com/books/element.php?pl1_id=75721
https://e.lanbook.com/img/cover/book/75721.jpg
タグ: タグ追加
タグなし, このレコードへの初めてのタグを付けませんか!
LEADER 02984nam0a2200301 i 4500
001 75721
003 RuSpLAN
005 20221220173950.0
008 221220s2011 ru gs 000 0 rus
020 |a 978-5-7262-1420-7 
040 |a RuSpLAN 
041 0 |a rus 
044 |a ru 
080 |a 535+537.86 
084 |a 22.34я7  |2 rubbk 
245 0 0 |a Лабораторная работа "Изучение интерферометра Фабри-Перо  |b учебное пособие для вузов  |c Земсков Е. Е.,Калашников Н. П.,Самарченко Д. А. 
260 |a Москва  |b НИЯУ МИФИ  |c 2011 
300 |a 16 с. 
500 |a Рекомендовано УМО "Ядерные физика и технологии" в качестве учебного пособия для студентов высших учебных заведений 
504 |a Библиогр.: доступна в карточке книги, на сайте ЭБС Лань 
520 8 |a Пособие содержит описание лабораторной работы «Изучение интерферометра Фабри-Перо» по теме «Волновая оптика» курса общей физики «Оптика». В пособии дано теоретическое введение с кратким изложением основных понятий и закономерностей многолучевой интерференции. Цель лабораторной работы — знакомство с основными явлениями волновой оптики и методами работы на современной оптической аппаратуре. Интерферометр Фабри-Перо является весьма распространенным прибором для спектральных исследований, а также неотъемлемой частью многих лазеров, выполняя в них роль оптического резонатора. Большое значение придается также возможности самостоятельного наблюдения и изучения физических явлений и закономерностей. Предназначено для студентов 2-го курса НИЯУ МИФИ всех факультетов. Подготовлено в рамках Программы создания и развития НИЯУ МИФИ 
521 8 |a Книга из коллекции НИЯУ МИФИ - Инженерно-технические науки 
100 1 |a Земсков Е. Е. 
700 1 |a Калашников Н. П. 
700 1 |a Самарченко Д. А. 
856 4 |u http://e.lanbook.com/books/element.php?pl1_id=75721 
856 4 8 |u https://e.lanbook.com/img/cover/book/75721.jpg 
953 |a https://e.lanbook.com/img/cover/book/75721.jpg 
Cannot write session to /tmp/vufind_sessions/sess_rtopel5re27597pa3udv3l04hg